Microelectronic Circuits (Record no. 5397)

MARC details
000 -LEADER
fixed length control field 00356nam a2200145Ia 4500
008 - FIXED-LENGTH DATA ELEMENTS--GENERAL INFORMATION
fixed length control field 150201s2011 xx 000 0 und d
082 ## - DEWEY DECIMAL CLASSIFICATION NUMBER
Classification number 621.381
Item number SED
100 ## - MAIN ENTRY--PERSONAL NAME
Personal name Sedra,A.S
245 ## - TITLE STATEMENT
Title Microelectronic Circuits
250 ## - EDITION STATEMENT
Edition statement 5th . Ed.
260 ## - PUBLICATION, DISTRIBUTION, ETC. (IMPRINT)
Name of publisher, distributor, etc. Oxford University Press
Place of publication, distribution, etc. N.Delhi
Date of publication, distribution, etc. 2011
300 ## - PHYSICAL DESCRIPTION
Extent 1171p.
700 ## - ADDED ENTRY--PERSONAL NAME
Personal name Smith,K.C
942 ## - ADDED ENTRY ELEMENTS (KOHA)
Source of classification or shelving scheme Dewey Decimal Classification
Koha item type Books
Holdings
Withdrawn status Lost status Source of classification or shelving scheme Damaged status Not for loan Home library Current library Date acquired SGTU Total Checkouts Full call number Barcode Date last seen Date last checked out Bill Date Koha item type
    Dewey Decimal Classification     SGT Engineering Library SGT Engineering Library 19/01/2012 SGTU 1 621.381 SED FE4366 28/08/2018 28/08/2018 09/02/2015 Books
    Dewey Decimal Classification     SGT Engineering Library SGT Engineering Library 19/01/2012 SGTU   621.381 SED FE4367 09/02/2015   09/02/2015 Books
    Dewey Decimal Classification     SGT Engineering Library SGT Engineering Library 19/01/2012 SGTU 1 621.381 SED FE4368 22/02/2020 31/01/2020 09/02/2015 Books
    Dewey Decimal Classification     SGT Engineering Library SGT Engineering Library 19/01/2012 SGTU   621.381 SED FE4369 09/02/2015   09/02/2015 Books
    Dewey Decimal Classification     SGT Engineering Library SGT Engineering Library 19/01/2012 SGTU 1 621.381 SED FE4370 17/02/2020 03/02/2020 09/02/2015 Books
Withdrawn   Dewey Decimal Classification     SGT Engineering Library SGT Engineering Library 19/01/2012 SGTU   621.381 SED FE4371 09/02/2015   09/02/2015 Books
    Dewey Decimal Classification     SGT Engineering Library SGT Engineering Library 19/01/2012 SGTU 2 621.381 SED FE4372 03/02/2020 18/01/2020 09/02/2015 Books
Withdrawn   Dewey Decimal Classification     SGT Engineering Library SGT Engineering Library 19/01/2012 SGTU   621.381 SED FE4373 09/02/2015   09/02/2015 Books
    Dewey Decimal Classification     SGT Engineering Library SGT Engineering Library 19/01/2012 SGTU   621.381 SED FE4374 09/02/2015   09/02/2015 Books
    Dewey Decimal Classification     SGT Engineering Library SGT Engineering Library 19/01/2012 SGTU   621.381 SED FE4375 20/01/2017   09/02/2015 Books